000 00437nam a2200169 a 4500
001 2773
003 CO-ViMGA
008 141112s2004 ck r 000 u spa d
040 _aCO-ViMGA
_bspa
_cCO-ViMGA
082 0 4 _a575.1 P355
100 1 _aPellón, Jose
_951851
245 1 0 _aLa ingenieria genética y sus aplicaciones
260 _aZaragoza :
_bAcribia,
_c1986
300 _a237 p : il
650 1 4 _aGENética
_94075
942 _2ddc
_cBK
999 _c14844
_d14844